000 00666nam a2200241Ia 4500
003 OSt
005 20220924131844.0
006 a|||||r|||| 00| 0
007 ta
008 220923b |||||||| |||| 00| 0 tel d
020 _c22.00
024 _a336992
037 _cTextual
040 _aARTS
_cARTS
_btel
041 _2tel
_atel
082 _a035,3NSUV,3, M6
100 _aKannan Ravinutala Suvarna Au.
_9203095
245 0 _aClic clic clic
260 _aVijayawada
_bLakshmi publications
_c1986
650 _aTELUGU FICTION
942 _h035,3NSUV,3, M6
_cTEXL
_2CC
999 _c428440
_d428440